Welcome to CU Library Online Public Access Catalogue (OPAC)

MANAGING INFORMATION SYSTEMS (Record no. 5490)

MARC details
000 -LEADER
fixed length control field 00438nam a22001457a 4500
005 - DATE AND TIME OF LATEST TRANSACTION
control field 20250416161908.0
008 - FIXED-LENGTH DATA ELEMENTS--GENERAL INFORMATION
fixed length control field 250416b |||||||| |||| 00| 0 eng d
020 ## - INTERNATIONAL STANDARD BOOK NUMBER
International Standard Book Number 9780751751338
050 ## - LIBRARY OF CONGRESS CALL NUMBER
Classification number HD 30
Item number .213 MAN
100 ## - MAIN ENTRY--PERSONAL NAME
Personal name I C S A STUDY TEXT
245 ## - TITLE STATEMENT
Title MANAGING INFORMATION SYSTEMS
Remainder of title PRE PROFESSIONAL PAPAER 9
Statement of responsibility, etc. I C S A STUDY TEXT
260 ## - PUBLICATION, DISTRIBUTION, ETC.
Place of publication, distribution, etc. LONDON
Name of publisher, distributor, etc. BPP PUBLISHING LIMITED
Date of publication, distribution, etc. c2000
300 ## - PHYSICAL DESCRIPTION
Extent xii; 338p.;
Other physical details ill
942 ## - ADDED ENTRY ELEMENTS (KOHA)
Source of classification or shelving scheme Library of Congress Classification
Koha item type Books
Suppress in OPAC No
999 ## -
-- 5490
-- 5490
Holdings
Withdrawn status Lost status Source of classification or shelving scheme Damaged status Not for loan Collection Home library Current library Shelving location Date acquired Total checkouts Full call number Barcode Date last seen Copy number Price effective from Koha item type
    Library of Congress Classification     Non-fiction Undergraduate Library (Christ Temple) Undergraduate Library (Christ Temple) General stacks 04/16/2025   HD 30. 213 MAN ulct00002133 04/16/2025 1 04/16/2025 Books
© 2023-2024 Copyright: Central University Libraries. All Rights Reserved | Created by: Mahone Tech Office